<?xml version="1.0" encoding="UTF-8"?>
<record
    xmlns:xsi="http://www.w3.org/2001/XMLSchema-instance"
    xsi:schemaLocation="http://www.loc.gov/MARC21/slim http://www.loc.gov/standards/marcxml/schema/MARC21slim.xsd"
    xmlns="http://www.loc.gov/MARC21/slim">

  <leader>01942njm a2200349Ia 4500</leader>
  <controlfield tag="001">25530</controlfield>
  <controlfield tag="003">IT-RoPAU</controlfield>
  <controlfield tag="005">20220918181156.0</controlfield>
  <controlfield tag="008">131025s9999    xx            000 0 und d</controlfield>
  <datafield tag="040" ind1=" " ind2=" ">
    <subfield code="a">IT-RoPAU</subfield>
  </datafield>
  <datafield tag="040" ind1=" " ind2=" ">
    <subfield code="c">IT-RoPAU</subfield>
  </datafield>
  <datafield tag="999" ind1=" " ind2=" ">
    <subfield code="c">102595</subfield>
    <subfield code="d">102595</subfield>
  </datafield>
  <datafield tag="999" ind1=" " ind2=" ">
    <subfield code="b">n.d.</subfield>
  </datafield>
  <datafield tag="100" ind1=" " ind2=" ">
    <subfield code="a">AA.VV.</subfield>
    <subfield code="9">794</subfield>
  </datafield>
  <datafield tag="100" ind1=" " ind2=" ">
    <subfield code="e">Autore musica</subfield>
    <subfield code="9">11814</subfield>
  </datafield>
  <datafield tag="100" ind1=" " ind2=" ">
    <subfield code="g">Codice autore musica SPICS: 12000</subfield>
    <subfield code="9">796</subfield>
  </datafield>
  <datafield tag="245" ind1=" " ind2=" ">
    <subfield code="a">Organ Concert At the Stadtkirche St. Nikolaus, Frauenfeld</subfield>
  </datafield>
  <datafield tag="250" ind1=" " ind2=" ">
    <subfield code="a">1a ed.</subfield>
  </datafield>
  <datafield tag="260" ind1=" " ind2=" ">
    <subfield code="a">JAPAN</subfield>
  </datafield>
  <datafield tag="260" ind1=" " ind2=" ">
    <subfield code="b">DENON - PCM</subfield>
    <subfield code="c">1983 [1a Ed.:1983]</subfield>
  </datafield>
  <datafield tag="300" ind1=" " ind2=" ">
    <subfield code="a">COMPACT DISC</subfield>
  </datafield>
  <datafield tag="300" ind1=" " ind2=" ">
    <subfield code="c">58 minuti (Testo:  pag.)</subfield>
  </datafield>
  <datafield tag="500" ind1=" " ind2=" ">
    <subfield code="a">Musica strumentale: organo</subfield>
  </datafield>
  <datafield tag="505" ind1=" " ind2=" ">
    <subfield code="a">Praeludium in f sharp minor, BUX WV 146 (8:00) - Passacaglia in d minor, BUX WV 161 (7:00) - 2 Chorals "Nun Bitten Wir Den Heilgen Geist" BUX WV 209/208 (9:00) - Praeludium in e minor (5:00) - Choral "Ein feste Burg Ist Unser Gott" (5:00) - Aria Sebaldina (7:00) - Choral "Von Gott Will Ich Nicht Lassen" BWV 658 (5:00) - Praeludium et fuga in c major, BWV 547 (11:00)</subfield>
  </datafield>
  <datafield tag="511" ind1=" " ind2=" ">
    <subfield code="a">Heinz Balli At the Organ of Metzler</subfield>
  </datafield>
  <datafield tag="650" ind1=" " ind2=" ">
    <subfield code="a">STRUMENTALE [COMPACT DISC]</subfield>
    <subfield code="e">Codice MATERIA SPICS: 9949</subfield>
    <subfield code="9">11815</subfield>
  </datafield>
  <datafield tag="700" ind1=" " ind2=" ">
    <subfield code="a">Balli Heinz</subfield>
    <subfield code="g">Codice interprete SPICS: 31320</subfield>
    <subfield code="e">Interprete</subfield>
    <subfield code="9">11816</subfield>
  </datafield>
  <datafield tag="700" ind1=" " ind2=" ">
    <subfield code="a">Buxtehude Dietrich</subfield>
    <subfield code="g">Codice autore musica SPICS: 14345</subfield>
    <subfield code="e">Autore musica</subfield>
    <subfield code="p">Praeludium in f sharp minor, BUX WV 146 - Passacaglia in d minor, BUX WV 161 - 2 Chorals "Nun Bitten Wir Den Heilgen Geist" BUX WV 209/208</subfield>
    <subfield code="9">11817</subfield>
  </datafield>
  <datafield tag="700" ind1=" " ind2=" ">
    <subfield code="a">Bruhns Nicolaus</subfield>
    <subfield code="g">Codice autore musica SPICS: 31324</subfield>
    <subfield code="e">Autore musica</subfield>
    <subfield code="p">Praeludium in e minor</subfield>
    <subfield code="9">11818</subfield>
  </datafield>
  <datafield tag="700" ind1=" " ind2=" ">
    <subfield code="a">Pachelbel Johann</subfield>
    <subfield code="g">Codice autore musica SPICS: 13784</subfield>
    <subfield code="e">Autore musica</subfield>
    <subfield code="p">Choral "Ein feste Burg Ist Unser Gott" - Aria Sebaldina</subfield>
    <subfield code="9">11819</subfield>
  </datafield>
  <datafield tag="700" ind1=" " ind2=" ">
    <subfield code="a">Bach Johann Sebastian</subfield>
    <subfield code="g">Codice autore musica SPICS: 9695</subfield>
    <subfield code="e">Autore musica</subfield>
    <subfield code="p">Choral "Von Gott Will Ich Nicht Lassen" BWV 658 - Praeludium et fuga in c major, BWV 547</subfield>
    <subfield code="9">11820</subfield>
  </datafield>
  <datafield tag="942" ind1=" " ind2=" ">
    <subfield code="c">CD</subfield>
    <subfield code="2">ddc</subfield>
  </datafield>
  <datafield tag="952" ind1=" " ind2=" ">
    <subfield code="0">0</subfield>
    <subfield code="1">0</subfield>
    <subfield code="4">0</subfield>
    <subfield code="6">25530_000000000000000</subfield>
    <subfield code="7">1</subfield>
    <subfield code="a">SPICS</subfield>
    <subfield code="b">SPICS</subfield>
    <subfield code="d">2013-10-25</subfield>
    <subfield code="l">0</subfield>
    <subfield code="o">25530</subfield>
    <subfield code="r">2013-10-25 00:00:00</subfield>
    <subfield code="w">2013-10-25</subfield>
    <subfield code="y">CD</subfield>
    <subfield code="z">Progr. Ins.: 5404 / N.Vol.: 1 / Copie: 1 - Copia rara: n.d. / date import: 01.01.2014 - By Epidotti, Trombetti, Vaglietti</subfield>
  </datafield>
</record>
